Passive low energy cooling of buildings

Αποθηκεύτηκε σε:
Λεπτομέρειες βιβλιογραφικής εγγραφής
Κύριος συγγραφέας: Givoni, Baruch
Μορφή: Βιβλίο
Γλώσσα:English
Δημοσίευση: New York : Wiley, c1994
Θέματα:
Ετικέτες: Προσθήκη ετικέτας
Δεν υπάρχουν, Καταχωρήστε ετικέτα πρώτοι!

MARC

LEADER 00000nam a2200000 i 4500
001 1/24397
008 981201s1994 eng d
020 |a 0-471-28473-4 
035 |l 10037083 
040 |a GR-MY-UA  |b gre  |e aacr 
041 0 |a eng 
082 0 |a 697.93 
100 1 |a Givoni, Baruch. 
245 1 0 |a Passive low energy cooling of buildings /  |c Baruch Givoni 
260 |a New York :   |b Wiley,   |c c1994 
300 |a 263 p. 
504 |a Includes bibliographical references and index 
650 0 0 |a Air conditioning. 
650 0 0 |a Ventilation. 
650 0 0 |a Buildings  |x Energy conservation. 
852 |a INST  |b LESVOS  |e 19981201  |h 697.93 GIV  |p 005100017413  |q 005100017413  |t BK  |y 0 
901 |a BIBL-1999-1 
909 |a Λ  |b 060361 
922 |a 1ΕΛΗ  |b 199810  |c ΚΠΣ/ΤΚΑ  |d ΠΑΠΑΣΩΤΗΡΙΟΥ 
950 |a 107-1998-07-18